000 01055nam a22003377a 4500
003 CHAP
005 20220329140820.0
008 971013s1973 r 00010 d
010 _a58073
011 _a59045
035 _a63202
040 _cCHAP
082 _a580
_bS86 1973
100 0 0 _aStocks, Dayna L.
_9109837
245 _aIntroductory plant biology manual
250 _aRev. ed.
260 _aMinneapolis, Minn. :
_bBurgess,
_c1973
300 _a140 p.
_b: ilus.
590 _aBATCH-UPD
_b10
_c20130110
_lUCH01
_h0651
590 _aBATCH-UPD
_b10
_c20130110
_lUCH01
_h2336
590 _aBATCH-UPD
_b10
_c20130410
_lUCH01
_h0335
590 _aBATCH-UPD
_b10
_c20130914
_lUCH01
_h0734
590 _aCONVERSION
_b10
_c20130109
_lUCH01
_h1331
650 1 4 _aBotánica.
_914477
700 0 _aHess, W. M.
_955050
700 0 _aWeber, Darrell J.
_9121289
901 _aBK
942 _cLIBRO
949 _a580 S86 1973
_bBC
_cLIBRO
_d33724000502266
_eLIBRO
_fc.2
_h55711
_i63202
_si
949 _a580 S86 1973
_bBC
_cLIBRO
_d33724000502274
_eLIBRO
_h55710
_i63202
_si
999 _c58073
_d58073